| Tag |
First Indicator |
Second Indicator |
Subfields |
| LEADER |
00000cam a22000004a 4500 |
| 001 |
in00001663265 |
| 005 |
20151024121159.0 |
| 008 |
011210s2001 it b 000 0 ita c |
| 020 |
|
|
|a 8825010397
|
| 035 |
|
|
|a (OCoLC)ocm48569560
|
| 040 |
|
|
|a C3L
|c C3L
|d CGU
|d TXA
|d UtOrBLW
|
| 042 |
|
|
|a pcc
|
| 043 |
|
|
|a e-it---
|
| 045 |
|
|
|a x0x4
|a x4x-
|
| 049 |
|
|
|a TXAM
|
| 050 |
|
4 |
|a PQ4807.U83
|b Z57 2001
|
| 082 |
1 |
4 |
|a 853
|
| 100 |
1 |
|
|a Biaggi, Pietro,
|d 1968-
|
| 245 |
1 |
0 |
|a Buzzati :
|b i luoghi del mistero /
|c Pietro Biaggi.
|
| 264 |
|
1 |
|a Padova :
|b Messaggero,
|c 2001.
|
| 300 |
|
|
|a 142 pages ;
|c 21 cm.
|
| 336 |
|
|
|a text
|b txt
|2 rdacontent
|
| 337 |
|
|
|a unmediated
|b n
|2 rdamedia
|
| 338 |
|
|
|a volume
|b nc
|2 rdacarrier
|
| 490 |
1 |
|
|a Tracce del sacro nella cultura contemporanea ;
|v 17
|
| 504 |
|
|
|a Includes bibliographical references.
|
| 600 |
1 |
0 |
|a Buzzati, Dino,
|d 1906-1972.
|
| 830 |
|
0 |
|a Tracce del sacro nella cultura contemporanea ;
|v 17.
|
| 938 |
|
|
|a Casalini Libri
|b CASA
|n 01451332
|c L20000
|
| 948 |
|
|
|a cataloged
|b h
|c 2002/2/27
|d c
|e jgreene
|f 10:20:45 am
|
| 994 |
|
|
|a E0
|b TXA
|
| 999 |
|
|
|a MARS
|
| 999 |
f |
f |
|s 1f6eafed-a7dc-3683-b093-8e76870112cf
|i 2c5851fb-0005-39c9-bcd8-efce78912c3a
|t 0
|
| 952 |
f |
f |
|p ric
|a Texas A&M University
|b Rellis Campus
|c Joint Library Facility
|d Remote Storage
|t 0
|e PQ4807.U83 Z57 2001
|h Library of Congress classification
|i unmediated -- volume
|m A14828535034
|
| 998 |
f |
f |
|a PQ4807.U83 Z57 2001
|t 0
|l Remote Storage
|